000 01136nam a2200313 a 4500
001 000110912
003 CHAP
005 20220329144150.0
008 141021s2014 mx sm |||||||spa d
010 _a107374
011 _a108346
040 _cCHAP
090 _aTesis
100 1 _aSantiago Martínez, Lucila
_9128676
245 1 0 _aEfecto del despunte sobre crecimiento y diferenciación floral de vid (Vitis vinifera L.) carignane en Fresnillo, Zacatecas
_h[En línea]
_cpor Lucila Santiago Martínez.
260 _aChapingo, Méx. :
_bEl autor,
_c2014.
500 _aPara ver el contenido del material haga clic en la liga
502 _aTesis (Ing. Agr. Esp. en Fitotecnia) -- UACH. Departamento de Fitotecnia
590 _aE11695DGD
_b10
_c20141024
_lUCH01
_h0823
590 _aE6096MTM
_b05
_c20141021
_lUCH01
_h1100
590 _aE6096MTM
_b05
_c20141021
_lUCH01
_h1108
650 1 4 _aVid
_xCrecimiento.
_9119103
650 1 4 _aVid
_xFloración.
_9119115
650 1 4 _aVid
_xZacatecas.
_9119144
856 _aFinding aid
_uhttp://10.13.5.2/tesis/sist110912.pdf
_zTeclea aquí
901 _aBK
942 _cTESIS
942 _n0
999 _c107374
_d107374